| 000 | 01350nam a2200157Ia 4500 | ||
|---|---|---|---|
| 008 | 220216s9999 xx 000 0 und d | ||
| 100 | _aPathiratna L S S | ||
| 245 | 0 | _aPerformance of cinnamon and forage grass + legume mixtures under rubber (Hevea) | |
| 260 | _bPapers presented at IRRDB seminar 5-8 November 1996 Sri Lanka p26 | ||
| 520 | _aTwo intercropping systems involving rubber/cinnamon and rubber/forage grasses/tree legumes were investigated. Under immature rubber cinnamon reached harvesting age 2 1/2years after establishment. Cinnamon also performed satisfactorily under mature rubber where light availability for cinnamon was ca. 53;day light. These yields under immature rubber were little low but comparable to that of monocrop Cinnamon. Among the two species of grasses the dry matter (DM) yield of Panicum maximum was almost double of that of Brachiaria brizantha during the first two years but the DM yields of both species declined with the growth of rubber trees. The growth and yield of both species of tree legumes was poor in all treatment combinations. The growth of rubber was not affected adversely by these intercrops during the period of study. i. e. 3 and 5 years with Cinnamon and grass respectively. | ||
| 650 | _aCinnamon | ||
| 650 | _aHevea | ||
| 650 | _aIntercropping | ||
| 700 | _aPerera M K P | ||
| 942 | _cJS | ||
| 999 |
_c64709 _d64709 |
||